00944nam a2200253 i 450000100060000000300090000600500170001500700030003200800410003502000180007608000180009410000320011224501820014426000300032630000220035649000210037865000280039970000280042770000340045583000290048985200330051899900170055195201220056818220ES-MaACL20230906151802.0t|010903s2001 fr ||||1| fre d a2-02-032660-4 a1(38)"-07/04"1 aGadamer, Hans Georg.95318210aAu commencement de la philosophie b: pour une lecture des présocratiques / cHans-Georg Gadamer ; traduction de l'allemand par Pierre Fruchon ; revue par Dominique Séglard. aParis : bSeuil, c[2001] a156 p. ; c26 cm.1 aTreces écrites 4aPresocráticos.9163851 aFruchon, Pierre.9527601 aSéglard, Dominique.91051340 aTreces écrites9228782 aES-MaACLjL-24913 bR.130177 c18220d18220 00104070aATENEOMbATENEOMcDEPO2d2008-01-17eSCl0oL-24913p1018629r2023-02-23 00:00:00w2023-02-23yMONOGRAFIA